Easy numerical trigonometry / (Record no. 45287)
[ view plain ]
| 000 -LEADER | |
|---|---|
| fixed length control field | 00733nam a2200217 a 4500 |
| 001 - CONTROL NUMBER | |
| control field | 45287 |
| 003 - CONTROL NUMBER IDENTIFIER | |
| rucl marc code | BD-RjUL |
| 005 - DATE AND TIME OF LATEST TRANSACTION | |
| control field | 20211209054006.0 |
| 008 - FIXED-LENGTH DATA ELEMENTS--GENERAL INFORMATION | |
| fixed length control field | 160725s1927 at a j 000 0 eng d |
| 035 ## - SYSTEM CONTROL NUMBER | |
| System control number | (BD-RjUL)45405 |
| 040 ## - CATALOGING SOURCE | |
| Original cataloging agency | ANL |
| Language of cataloging | eng |
| Transcribing agency | ANL |
| Modifying agency | VDU |
| -- | BD-RjUL |
| 041 ## - LANGUAGE CODE | |
| Language code of text/sound track or separate title | eng |
| 082 14 - DEWEY DECIMAL CLASSIFICATION NUMBER | |
| Classification number | 514 |
| Edition number | 23 |
| Author mark and year | CAE 1927 |
| 100 1# - MAIN ENTRY--PERSONAL NAME | |
| Personal name | Carslaw, H. S. |
| Fuller form of name | (Horatio Scott), |
| Dates associated with a name | 1870-1954. |
| 9 (RLIN) | 138718 |
| 245 10 - TITLE STATEMENT | |
| Title | Easy numerical trigonometry / |
| Statement of responsibility, etc. | H.S. Carslaw. |
| 260 ## - PUBLICATION, DISTRIBUTION, ETC. (IMPRINT) | |
| Place of publication, distribution, etc. | Australia : |
| Name of publisher, distributor, etc. | Angus & Robertson, |
| Date of publication, distribution, etc. | 1927 |
| 300 ## - PHYSICAL DESCRIPTION | |
| Pagination | 152 p. : |
| Illustrations | ill. ; |
| Size | 18 cm. |
| 500 ## - GENERAL NOTE | |
| General note | Based upon author's Easy numerical trigonometry of the right-angled triangle. |
| 650 #0 - SUBJECT ADDED ENTRY--TOPICAL TERM | |
| Topical term or geographic name as entry element | Trigonometry |
| General subdivision | Problems, exercises, etc. |
| -- | Juvenile literature. |
| 9 (RLIN) | 138719 |
| 942 ## - ADDED ENTRY ELEMENTS (KOHA) | |
| Source of classification or shelving scheme | Dewey Decimal Classification |
| Koha item type | Books |
| Lost status | Source of classification or shelving scheme | Damaged status | Not for loan | Collection code | Permanent Location | Current Location | Shelving location | Date acquired | Total Checkouts | Full call number | Date last seen | Copy number | Koha item type |
|---|---|---|---|---|---|---|---|---|---|---|---|---|---|
| Dewey Decimal Classification | Non-fiction | Central Library, University of Rajshahi | Central Library, University of Rajshahi | 24/11/1988 | 514 CAE 1927 | 25/07/2016 | C-2 | Books |